Battles of WWI (First World War) - Alps & East - Statistics

General Stats
  • This quiz has been taken 198 times
  • The average score is 14 of 38
Answer Stats
Year Front Winnner Answer-Battle % Correct
1914 East Germany Battle of Tannenberg
81%
1916 Italy Draw Fifth Battle of the Isonzo
69%
1915 Italy Austria-Hungary First Battle of the Isonzo
69%
1915 Italy Austria-Hungary Fourth Battle of the Isonzo
69%
1916 Italy Italy Ninth Battle of the Isonzo
69%
1915 Italy Italy Second Battle of the Isonzo
69%
1916 Italy Draw Seventh Battle of the Isonzo
69%
1916 Italy Italy Sixth Battle of the Isonzo
69%
1917 Italy Italy Tenth Battle of the Isonzo
69%
1915 Italy Austria-Hungary Third Battle of the Isonzo
69%
1916 Italy Draw Eight Battle of the Isonzo
68%
1917 Italy Draw Elventh Battle of the Isonzo
68%
1918 Italy Italy Battle of Vittorio Veneto
54%
1914 East Germany First Battle of the Masurian Lakes
52%
1915 East Germany Winter Battle of the Masurian Lakes
51%
1916 East Russia Brusilov Offensive
42%
1914 East Draw Battle of Łódź
39%
1914 East Russia Battle of Galicia
36%
1918 Italy Italy Second Battle of the Piave River
35%
1914 East Russia Battle of Gumbinnen
33%
1915 East Central Gorlice–Tarnów Offensive
32%
1917 East Germany Battle of Jugla/Riga
29%
1914-15 East Russia Siege of Przemyśl
26%
1918 East (Peace) Central Treaty of Brest-Litovsk
24%
1914-15 East Draw Battle in the Carpathians
16%
1916 Italy Italy Battle of Asagio / Trentino Offensive
16%
1914 East Draw Battle of Stallupönen
15%
1916-17 East Draw Christmas Battles
14%
1914 East Russia Battle of the Vistula River
12%
1917 East Germany Operation Albion
12%
1915 East Central Great Retreat
11%
1915 East Russia Sventiany Offensive
10%
1918 Austria-Hungary Allies Treaty of Saint-Germain
10%
1917 Italy Central Battle of Caporetto
9%
1918 East Central Operation Faustschlag
9%
1915 East Germany Siege of Novogeorgievsk
9%
1916 Italy (Avalanche) White Friday
9%
1918 Italy Austria-Hungary Battle of San Matteo
4%
No matching quizzes found
Score Distribution
Percent of People with Each Score
Percentile by Number Answered
Your Score History
You have not taken this quiz